Comunidades interculturales y democráticas: un trabajo colaborativo para una sociedad inclusiva
Saved in:
| Hovedforfatter: | |
|---|---|
| Format: | Bog |
| Sprog: | spansk |
| Udgivet: |
Madrid
Narcea S. A de Ediciones
2015
|
| Udgivelse: | 1a. ed |
| Serier: | Colección Educación Hoy Estudios
|
| Fag: | |
| Tags: |
Tilføj Tag
Ingen Tags, Vær først til at tagge denne postø!
|
MARC
| LEADER | 00000cam a2200000 a 4500 | ||
|---|---|---|---|
| 001 | UCC4244 | ||
| 003 | CL-VaPUC | ||
| 008 | 180720e20150000sp |||||||||||||||||spa|d | ||
| 020 | |a 9788427720831 | ||
| 082 | 0 | 4 | |a 306.4 |b ESC |2 21 |
| 100 | 0 | |a Escarbajal Frutos, Andrés |e author |9 598395 | |
| 245 | 1 | 0 | |a Comunidades interculturales y democráticas: un trabajo colaborativo para una sociedad inclusiva |
| 250 | |a 1a. ed | ||
| 300 | |a 186 p | ||
| 942 | |c BK | ||
| 945 | |d 20180720 14:27:00 |a dcastane | ||
| 260 | |a Madrid |b Narcea S. A de Ediciones |c 2015 | ||
| 650 | 0 | |a Identidad cultural |9 319131 | |
| 650 | 0 | |a Interculturalidad |9 493451 | |
| 650 | 0 | |a Integración social |9 319662 | |
| 583 | |a last modification |c 20180720 14:27:00 |k Rodrigo Vera | ||
| 490 | 0 | |a Colección Educación Hoy Estudios | |
| 999 | |c 371797 |d 371795 | ||
| 952 | |0 0 |1 0 |3 erb |4 0 |6 306_400000000000000_ESC_2015 |7 0 |8 A |9 488993 |a BIBTEO |b BIBTEO |i 5482771 |l 1 |o 306.4 ESC 2015 |p 5482771 |r 2025-01-17 |s 2024-07-04 |w 2019-11-24 |y BK |z Catalogado en:20180720 |k ICR | ||